[Event "Druga liga centralne Srbije grupa "]
[Site "?"]
[Date "2016.10.07"]
[Round "7.6"]
[White "Misailovic, Nebojsa"]
[Black "Jevdjovic, Milorad"]
[Result "1-0"]
[WhiteElo "2344"]
[BlackElo "2248"]
[PlyCount "63"]
[EventDate "2016.09.04"]

1. e4 e6 2. d4 d5 3. Nc3 Bb4 4. e5 c5 5. a3 Bxc3+ 6. bxc3 Ne7 7. Qg4 Qc7 8.
Qxg7 Rg8 9. Qxh7 cxd4 10. Ne2 Nbc6 11. f4 dxc3 12. Qd3 Bd7 13. Be3 Nf5 14. Bf2
O-O-O 15. g3 d4 16. Bg2 Na5 17. O-O Bc6 18. Bxc6 Nxc6 19. Rab1 Qe7 20. Rb5 Rd7
21. Qc4 Rc7 22. Rc5 Rd8 23. Rb1 Na5 24. Rxc7+ Qxc7 25. Qxc7+ Kxc7 26. g4 Nh6
27. h3 Nc4 28. Nxd4 Nd2 29. Nb5+ Kc6 30. Nxa7+ Kd5 31. Rb4 Nc4 32. Nb5 1-0

[Event "Druga liga centralne Srbije grupa "]
[Site "?"]
[Date "2016.10.07"]
[Round "7.6"]
[White "Baralic, Nebojsa"]
[Black "Vlatkovic, Sinisa"]
[Result "0-1"]
[WhiteElo "2241"]
[BlackElo "2264"]
[PlyCount "52"]
[EventDate "2016.09.04"]

1. c4 Nf6 2. Nc3 c6 3. d4 d5 4. Nf3 e6 5. e3 Nbd7 6. Bd3 Bd6 7. O-O dxc4 8.
Bxc4 b5 9. Be2 a6 10. a3 Bb7 11. Nd2 c5 12. dxc5 Nxc5 13. b4 Be5 14. Bb2 Nd3
15. Bxd3 Qxd3 16. Nf3 Qg6 17. Na4 Rd8 18. Qe2 Rd2 19. Qxd2 Bxf3 20. g3 Qf5 21.
Rfd1 O-O 22. Qd3 Be4 23. Qe2 bxa4 24. Bxe5 Bf3 25. Qxa6 Ng4 26. Bf4 Nxh2 0-1

[Event "Druga liga centralne Srbije grupa "]
[Site "?"]
[Date "2016.10.07"]
[Round "7.6"]
[White "Pavkov, Nebojsa"]
[Black "Baralic, Milan"]
[Result "1-0"]
[WhiteElo "2216"]
[BlackElo "2158"]
[PlyCount "63"]
[EventDate "2016.09.04"]

1. d4 Nf6 2. Bg5 d5 3. Nd2 Nbd7 4. Ngf3 e6 5. e4 dxe4 6. Nxe4 Be7 7. Nxf6+ Bxf6
8. Bxf6 Qxf6 9. Bd3 O-O 10. Qe2 c5 11. c3 cxd4 12. cxd4 Rd8 13. O-O Nb8 14. Be4
Nc6 15. Bxc6 bxc6 16. Rfc1 Bb7 17. Rc5 Rd5 18. h3 h6 19. Rxd5 cxd5 20. Qb5 Qe7
21. Rc1 Rc8 22. Rxc8+ Bxc8 23. Ne5 Kh7 24. Qc5 Qb7 25. b4 f6 26. Nc6 a6 27. a4
Bd7 28. b5 axb5 29. axb5 Qa8 30. Na7 Qb7 31. b6 Qa6 32. Qc7 1-0

[Event "Druga liga centralne Srbije grupa "]
[Site "?"]
[Date "2016.10.07"]
[Round "7.6"]
[White "Alempijevic, Andrija"]
[Black "Pecinar, Zoran"]
[Result "0-1"]
[WhiteElo "2058"]
[BlackElo "2166"]
[PlyCount "90"]
[EventDate "2016.09.04"]

1. c4 Nf6 2. e3 g6 3. Nc3 Bg7 4. Nf3 d6 5. d4 O-O 6. Be2 Nbd7 7. O-O e5 8. Qc2
Qe7 9. b3 Re8 10. Bb2 Nf8 11. dxe5 dxe5 12. h3 c6 13. a4 Qc7 14. Rad1 Bf5 15.
e4 Be6 16. Ba3 Rad8 17. Rfe1 Nh5 18. Bf1 Nf4 19. Bc5 h6 20. Rxd8 Rxd8 21. Rd1
b6 22. Be3 Rxd1 23. Qxd1 Nd7 24. Kh2 Bf8 25. g3 Nh5 26. Be2 a5 27. Qd2 Kh7 28.
Nh4 Nhf6 29. Bd3 Qd6 30. f4 exf4 31. gxf4 Nc5 32. Bc2 Qc7 33. Qg2 Nh5 34. e5
Ng7 35. Kh1 Qd7 36. Nxg6 fxg6 37. Qxg6+ Kg8 38. Qh7+ Kf7 39. Bg6+ Ke7 40. Qxh6
Kd8 41. Qh8 Qe7 42. Ne4 Nd7 43. Nd6 Kc7 44. Bd4 Nc5 45. Bc2 Bd7 0-1

[Event "Druga liga centralne Srbije grupa "]
[Site "?"]
[Date "2016.10.07"]
[Round "7.6"]
[White "Civric, Zdravko"]
[Black "Grujovic, Milojica"]
[Result "1-0"]
[WhiteElo "2185"]
[BlackElo "1885"]
[PlyCount "89"]
[EventDate "2016.09.04"]

1. e4 e5 2. Nf3 Nc6 3. Bc4 Bc5 4. b4 Bxb4 5. c3 Bc5 6. O-O d6 7. d4 exd4 8.
cxd4 Bb6 9. h3 h6 10. Nc3 Nge7 11. Be3 O-O 12. Qd2 Kh7 13. g4 f6 14. Nh4 g5 15.
Nf5 Bxf5 16. gxf5 Qe8 17. Kh2 Rd8 18. Be6 Ba5 19. Qc2 Bxc3 20. Qxc3 d5 21. f3
Qh5 22. Rad1 dxe4 23. fxe4 Ne5 24. Bg1 N7c6 25. Rd2 g4 26. Rg2 Nf3+ 27. Rxf3
gxf3 28. Rg4 Rg8 29. Bxg8+ Rxg8 30. Rxg8 Kxg8 31. Qb3+ Kh8 32. Qxb7 f2 33. Qc8+
Kh7 34. Qxc7+ Kh8 35. Qc8+ Kg7 36. Qc7+ Qf7 37. Qxf7+ Kxf7 38. Bxf2 Nb4 39. a3
Nc2 40. a4 a6 41. Kg3 Nb4 42. Kf3 Ke7 43. Ke2 Kd6 44. Kd2 h5 45. Bh4 1-0

[Event "Druga liga centralne Srbije grupa "]
[Site "?"]
[Date "2016.10.07"]
[Round "7.6"]
[White "Mijatovic, Dusan"]
[Black "Zivanic, Slobodan"]
[Result "1-0"]
[WhiteElo "1694"]
[BlackElo "2127"]
[PlyCount "77"]
[EventDate "2016.09.04"]

1. e4 c5 2. Nf3 Nc6 3. Bb5 Qc7 4. O-O d6 5. Re1 a6 6. Bf1 Nf6 7. h3 e6 8. c3
Be7 9. Na3 O-O 10. Nc2 b6 11. d4 cxd4 12. cxd4 Bb7 13. Bf4 Rfd8 14. Rc1 Qd7 15.
d5 exd5 16. exd5 Na7 17. Ne3 Nb5 18. Bd3 Nc7 19. Bf5 Ne6 20. dxe6 fxe6 21. Bb1
Rf8 22. Bh2 b5 23. Nd4 Rae8 24. Qb3 Bd8 25. Ndf5 d5 26. Nd6 Re7 27. Nxb7 Qxb7
28. Bd6 Qd7 29. Bxe7 Bxe7 30. Qc2 Bb4 31. Red1 Qf7 32. Ng4 Ne4 33. Qc7 Qxc7 34.
Rxc7 Ng5 35. Rc6 Rd8 36. h4 Nf7 37. Rxe6 a5 38. Ne5 Nxe5 39. Rxe5 1-0

[Event "Druga liga centralne Srbije grupa "]
[Site "?"]
[Date "2016.10.07"]
[Round "7.6"]
[White "Cvijovic, Marko"]
[Black "Ljubicic, Andjela"]
[Result "0-1"]
[WhiteElo "1563"]
[BlackElo "1484"]
[PlyCount "98"]
[EventDate "2016.09.04"]

1. e4 e5 2. Nf3 Nc6 3. Bb5 Nf6 4. O-O Nxe4 5. Re1 Nd6 6. Bxc6 dxc6 7. Nxe5 Be7
8. d4 O-O 9. b3 Nf5 10. c3 Be6 11. Nd2 c5 12. Ndf3 cxd4 13. Nxd4 Nxd4 14. cxd4
Re8 15. Bb2 a5 16. Qh5 g6 17. Qh6 Bg5 18. Nxf7 Bxh6 19. Nxd8 Raxd8 20. Rad1 Bd5
21. g3 Bf3 22. Rb1 Bd2 23. Re5 Rxe5 24. dxe5 Rd3 25. e6 Kf8 26. Bf6 Bc3 27. Bg5
Rd1+ 28. Rxd1 Bxd1 29. h3 a4 30. bxa4 Bxa4 31. g4 Bb5 32. f4 Bd3 33. Kf2 Bd2
34. Bf6 Bxf4 35. g5 Bf5 36. e7+ Kf7 37. Kf3 Bd6 38. h4 Bxe7 39. Bb2 Bb4 40. Ke2
Be6 41. a3 Bc4+ 42. Kf2 Ba5 43. Bf6 c6 44. Bd4 b5 45. Bc5 Ke6 46. Kg2 Be1 47.
Kh3 Kf5 48. Kg2 Bxh4 49. Kf3 Bxg5 0-1